00565 a2200169 45000010006000000050017000060080041000230030015000640400040000790800093001192450058002120200022002702640044002923000026003360410008003621000025003706311720260407155926.0260407a1983 arg spa dAR-UNSa-BCEJYS aAR-UNSa-BCEJYSbspacAR-UNSa-BCEJYS a339.92xCooperación económica internacional. Integración económica internacional10aIntegración latinoamericanapDe la ALALC a la ALADI a978-950-14-0128-8 1aBuenos Aires :bEdiciones Depalmac1983 axxiii, 251 p.c23 cm. aspa1 aVacchino, Juan Mario